Sean Connery Movies Quiz Stats

 Plays Quiz Updated Jan 1, 2020

Support Sporcle.
Go Orange.
Score 0/64 Timer 10:00
2 Plays Today
Year Movie Title % Correct
1962Dr. No
84.9%
1964Goldfinger
81%
1963From Russia with Love
70.7%
1965Thunderball
63.5%
1996The Rock
58.2%
1971Diamonds Are Forever
55.7%
1989Indiana Jones and the Last Crusade
55.3%
1983Never Say Never Again
53.7%
1967You Only Live Twice
53.1%
2003The League of Extraordinary Gentlemen
51.4%
1990The Hunt for Red October
50.2%
1987The Untouchables
48.7%
1999Entrapment
48.4%
2000Finding Forrester
39.7%
1986Highlander
39.3%
1991Highlander II: The Quickening
30%
1975The Man Who Would Be King
25.7%
1995First Knight
25.4%
1996Dragonheart
24%
1976Robin and Marian
23.1%
1964Marnie
22.4%
1992Medicine Man
21.1%
1974Zardoz
21%
1993Rising Sun
20.4%
1977A Bridge Too Far
18.9%
1998The Avengers
18.8%
1959Darby O'Gill and the Little People
18.6%
1986Der Name der Rose
18.5%
1962The Longest Day
18.3%
1990The Russia House
17.4%
1981Outland
16.5%
1981Time Bandits
16.2%
Year Movie Title % Correct
1965The Hill
15.1%
1988The Presidio
14.7%
1974Murder on the Orient Express
14.6%
1979The First Great Train Robbery
13.7%
2012Sir Billi
13%
1989Family Business
12.9%
1971The Anderson Tapes
11.8%
1995Just Cause
11.3%
1979Meteor
10.6%
1975The Wind and the Lion
9.9%
1970The Molly Maguires
9.6%
1968Shalako
8.8%
1979Cuba
8.5%
1972The Offence
8.3%
1957Hell Drivers
7.4%
1998Playing by Heart
7.4%
1994A Good Man in Africa
7.3%
1975Ransom
6.6%
1982Wrong is Right
6.1%
1964Woman of Straw
6%
1969Krasnaya palatka
5.4%
1966A Fine Madness
5.4%
1982Five Days One Summer
5.2%
1958Another Time, Another Place
5.2%
1984Sword of the Valiant
5%
1961On the Fiddle
4.9%
1976The Next Man
4.6%
1959Tarzan's Greatest Adventure
4.5%
1957Time Lock
4.4%
1961The Frightened City
4.3%
1957No Road Back
4.3%
1957Action of the Tiger
4%

From the Vault

Asian 'B' Blitz

by sproutcm

Geography 30s
Every good blitz begins with 'B'.
Remove Ads.
Support Sporcle.
Get the best of Sporcle when you Go Orange. This ad-free experience offers more features, more stats, and more fun while also helping to support Sporcle. Thank you for becoming a member.

Show Comments

Extras

Top Quizzes Today


Score Distribution

Your Account Isn't Verified!

In order to create a playlist on Sporcle, you need to verify the email address you used during registration. Go to your Sporcle Settings to finish the process.

Report this User

Report this user for behavior that violates our Community Guidelines.

Details: